000
00298nam a2200085Ia 4500
245
0
_a
There was this goat : investigating the Truth Commission testimony of Notrose Nobomvu Konile
100
_a
KROG, Antjie Scottsville, 2009
_9
83358
942
_c
BK
008
210817s9999 xx 000 0 und d
999
_c
303678
_d
303676